Physiognomonie et phrénologie : lavater et gall : rendues intelligibles pour tout le monde : exposé du sens moral, des traits de la physioinomie humaine et de la signification des protubérances de la surface du cráne relativement aux facultés et aux qualités de l'homme /

में बचाया:
ग्रंथसूची विवरण
मुख्य लेखक: Ysabeau, Alexandre (autor)
स्वरूप: पुस्तक
भाषा:फ़्रेंच
संस्करण:Nueva ed.
विषय:
टैग: टैग जोड़ें
कोई टैग नहीं, इस रिकॉर्ड को टैग करने वाले पहले व्यक्ति बनें!

MARC

LEADER 00000nam^a2200000^a^4500
001 000373063
005 20250526000000.0
009 20260310120028.564
037 |a Acervo Xavier Clavigero 
041 |a FRA 
082 |a 138.  |b YSA 
100 |a Ysabeau, Alexandre  |e (autor) 
245 1 0 |a Physiognomonie et phrénologie :  |b lavater et gall : rendues intelligibles pour tout le monde : exposé du sens moral, des traits de la physioinomie humaine et de la signification des protubérances de la surface du cráne relativement aux facultés et aux qualités de l'homme /  |c A. Ysabeau. 
250 |a Nueva ed. 
264 |a París, Francia :  |b Garnier Frères,  |c fecha no identificada 
300 |a 284 p. ;  |c 18.0 cm. 
336 |a texto  |b txt  |2 rdacontenido 
337 |a sin mediación  |b n  |2 rdamedio 
338 |a volumen  |b nc  |2 rdasoporte 
501 |a Encuadernación particular 
562 |a Falta cubierta 
649 |a XX 
650 |a Belleza Personal 
650 |a Cara 
650 |a Fisonomía -  |x Tema Principal 
650 |a Frenología -  |x Tema Principal 
650 |a Psicología 
910 |a Fondo General 
920 |a Impresos - Libros 
930 |a Libros Antiguos y Raros 
905 |a 108 
901 |a 0500267516  |b IT2  |c LRA  |u 20250526 
902 |a https://opac.biblio.iteso.mx/vufind/Record/000373063